| 000 | 00615nam a22001937a 4500 | ||
|---|---|---|---|
| 005 | 20251108172240.0 | ||
| 008 | 250721s1999 xx 000 0 ara d | ||
| 082 | 1 | 4 | _a216.534/جبر |
| 100 | 1 | _aجبر، دندل | |
| 245 | 1 | 0 | _aالمرأة و الولايات العامة في السياسة الشرعية / |
| 264 | 1 |
_aعمان : _bدار عمار، _c1999. |
|
| 300 | _a264ص. | ||
| 650 | 1 | 7 | _aالمرأة المسلمة |
| 650 | 1 | 7 | _aالفقه الإسلامي |
| 650 | 1 | 7 | _aحقوق المرأة |
| 650 | 1 | 7 | _aالحقوق المدنية و السياسية |
| 942 |
_2ddc _cBK |
||
| 999 |
_c74173 _d74173 |
||